Elementary differential equations / (Record no. 7636)

MARC details
000 -LEADER
fixed length control field 01856nam a2200229 a 4500
020 ## - INTERNATIONAL STANDARD BOOK NUMBER
ISBN 0135080118 (paperback)
020 ## - INTERNATIONAL STANDARD BOOK NUMBER
ISBN 9780135080115 (paperback)
100 1# - MAIN ENTRY--AUTHOR NAME
Personal name Rainville, Earl D.
245 10 - TITLE STATEMENT
Title Elementary differential equations /
250 ## - EDITION STATEMENT
Edition statement 8th ed.
260 ## - PUBLICATION, DISTRIBUTION, ETC. (IMPRINT)
Place of publication [S.l.] :
Name of publisher Prentice Hall,
Year of publication 1996.
300 ## - PHYSICAL DESCRIPTION
Number of Pages 530 p. ;
490 1# - SERIES STATEMENT
Series statement 8th edition.
520 ## - SUMMARY, ETC.
Summary, etc A clear, concise book that emphasizes finding solutions to differential equations where applications play an important role. Each chapter includes many illustrative examples to assist the reader. The book emphasizes methods for finding solutions to differential equations. It provides many abundant exercises, applications, and solved examples with careful attention given to readability. Elementary Differential Equations includes a thorough treatment of power series techniques. In addition, the book presents a classical treatment of several physical problems to show how Fourier series become involved in the solution of those problems. The eighth edition of Elementary Differential Equations has been revised to include a new supplement in many chapters that provides suggestions and exercises for using a computer to assist in the understanding of the material in the chapter. It also now provides an introduction to the phase plane and to different types of phase portraits. A valuable reference book for readers interested in exploring the technological and other applications of differential equations.
700 1# - ADDED ENTRY--PERSONAL NAME
Personal name Bedient, Phillip E.
700 1# - ADDED ENTRY--PERSONAL NAME
Personal name Bedient, Richard E.
856 40 - ELECTRONIC LOCATION AND ACCESS
Uniform Resource Identifier http://www.amazon.com/exec/obidos/ASIN/0135080118/chopaconline-20
Holdings
Withdrawn status Lost status Home library Current library Date acquired Cost, normal purchase price Full call number Accession Number Koha item type
  Lost and Paid For Book Bank Section Book Bank Section 17/04/2015 50.00 517.382RAI B1894 Books
    Book Bank Section Book Bank Section 17/04/2015 50.00 517.382RAI B1895 Books
    Book Bank Section Book Bank Section 17/04/2015 50.00 517.382RAI B1896 Books
    Book Bank Section Book Bank Section 17/04/2015 50.00 517.382RAI B1897 Books
    Book Bank Section Book Bank Section 17/04/2015 50.00 517.382RAI B1898 Books
    Book Bank Section Book Bank Section 17/04/2015 50.00 517.382RAI B1899 Books
    Book Bank Section Book Bank Section 17/04/2015 50.00 517.382RAI B1900 Books
    Book Bank Section Book Bank Section 17/04/2015 50.00 517.382RAI B1901 Books
    Book Bank Section Book Bank Section 17/04/2015 50.00 517.382RAI B1902 Books
    Book Bank Section Book Bank Section 17/04/2015 50.00 517.382RAI B1903 Books
    Central Library, QUEST, Nawabshah Central Library, QUEST, Nawabshah 26/06/2014 2401.00 515.35RAI 32459 Books